000 01683nam a2200409 i 4500
001 61163
003 FINmELB
005 20241217142140.0
006 m o u
007 cr cn|||||||||
008 220609s2019 sp a o 000 0 spa d
017 _aM 26210-2019
_bOficina Depósito Legal Madrid
020 _a978-84-368-4145-9
020 _a9788436841466
_q(e-book)
035 _a(OCoLC)1332519220
040 _aFINmELB
_bspa
_erda
_cFINmELB
050 4 _aHF5414
_b.P568 2019
080 _a658.8:316.648
080 _a658:005.57
082 0 4 _a658.8
_223
100 1 _aPintanel i Bassets, Mònica,
_eautor.
245 1 0 _aImpacto de las empresas en la comunidad :
_bbarómetro social de tu empresa /
_cMònica Pintanel Bassets, profesora de Psicología y doctora por la Universidad Autónoma de Barcelona.
264 1 _aMadrid :
_bEdiciones Pirámide,
_c[2019]
300 _a1 recurso en línea (125 páginas) :
_bilustraciones (blanco y negro), gráficos (blanco y negro)
336 _atexto
_btxt
_2rdacontent/spa
337 _acomputadora
_bc
_2rdamedia/spa
338 _arecurso en línea
_bcr
_2rdacarrier/spa
490 1 _aEconomía y empresa
588 _aDescripción basada en metadatos suministrados por el editor y otras fuentes.
590 _aRecurso electrónico. Santa Fe, Arg.: elibro, 2022. Disponible vía World Wide Web. El acceso puede estar limitado para las bibliotecas afiliadas a elibro.
650 4 _aMarketing social.
650 4 _aComunicación empresarial.
655 4 _aLibros electrónicos.
797 2 _aelibro, Corp.
830 0 _aEconomía y empresa.
856 4 0 _uhttps://elibro.net/ereader/politecnicointernacional/217002
999 _c61163
_d61163